The manager's guide to rewards : (Record no. 347101)
[ view plain ]
| 000 -LEADER | |
|---|---|
| fixed length control field | 01561 a2200193 4500 |
| 020 ## - INTERNATIONAL STANDARD BOOK NUMBER | |
| International Standard Book Number | 0814408869 (hardcover) |
| 020 ## - INTERNATIONAL STANDARD BOOK NUMBER | |
| International Standard Book Number | 9780814408865 (hardcover) |
| 082 04 - DEWEY DECIMAL CLASSIFICATION NUMBER | |
| Classification number | 658.3124 |
| 090 ## - LOCALLY ASSIGNED LC-TYPE CALL NUMBER (OCLC); LOCAL CALL NUMBER (RLIN) | |
| -- | 4666 |
| -- | 4666 |
| 100 1# - MAIN ENTRY--PERSONAL NAME | |
| Personal name | Jensen, Doug. |
| 245 14 - TITLE STATEMENT | |
| Title | The manager's guide to rewards : |
| Remainder of title | what you need to know to get the best for -- and from -- your employees / |
| Statement of responsibility, etc. | Doug Jensen, Tom McMullen, Mel Stark. |
| 260 ## - PUBLICATION, DISTRIBUTION, ETC. | |
| Place of publication, distribution, etc. | [S.l.] : |
| Name of publisher, distributor, etc. | AMACOM, |
| Date of publication, distribution, etc. | 2006. |
| 300 ## - PHYSICAL DESCRIPTION | |
| Extent | 256 p. ; |
| Dimensions | 24 cm. |
| 520 ## - SUMMARY, ETC. | |
| Summary, etc. | A manager who understands the ins and outs of his company's compensation system is more likely to be able to retain his best people, keep them motivated, and ensure that they continue to produce outstanding results. Written by compensation experts at the Hay Group--one of the most respected consulting firms in the world-- The Manager's Guide to Rewards reveals how to: * motivate and keep the best people despite company pay limits * get employees to understand the connection between what they achieve and the bonus or salary increases they are paid * use base salary, short and long-term incentives, benefits, perks, and non-monetary rewards more effectively Decisions about rewards are not just in the hands of HR professionals. This important book shows that managers have more power than they may think to use rewards creatively and keep their most valuable employees happy and productive. |
| 700 1# - ADDED ENTRY--PERSONAL NAME | |
| Personal name | McMullen, Tom. |
| 700 1# - ADDED ENTRY--PERSONAL NAME | |
| Personal name | Stark, Mel. |
| 856 40 - ELECTRONIC LOCATION AND ACCESS | |
| Materials specified | Amazon.com |
| Uniform Resource Identifier | <a href="http://www.amazon.com/exec/obidos/ASIN/0814408869/chopaconline-20">http://www.amazon.com/exec/obidos/ASIN/0814408869/chopaconline-20</a> |
| 942 ## - ADDED ENTRY ELEMENTS (KOHA) | |
| Institution code [OBSOLETE] | NBS |
| Koha item type | Book |
| Call number prefix | 658.3124 GRO |
| Withdrawn status | Lost status | Damaged status | Not for loan | Permanent Location | Current Location | Date acquired | Total Checkouts | Full call number | Barcode | Date last seen | Price effective from | Koha item type |
|---|---|---|---|---|---|---|---|---|---|---|---|---|
| Central Library (CL) | Central Library (CL) | 08/28/2013 | 658.3124 GRO | NBS7333 | 08/28/2013 | 08/28/2013 | Book |
